00942nam a22002417a 450000500170000001000130001702000230003003500130005303700160006604000120008208200160009424501530011026000520026327000690031530000310038465000200041565000190043570000290045470000240048394200250050799900190053295201490055120170124110037.0 aA-897966 c750.00a8185419256 aA-897966 bCen Lib/Ret aDPLbEN a333.95bBIO aBiomass energy systems :cedited by Venkata Ramana P [and] Srinivas S Nbproceedings of the international conference 26-27 February 1996 New Delhi / aNew DelhibTata Energy Research Institutec1997 bNew DelhiaDarbari Seth Block, Habitat Place, Lodhi Roade110003 axv,478p. :c24cm(Hb)bill. aBiomass.922864 aBiogas.912026 aRamana P, Venkata922849 aSrinivas S N922850 2ddccENh333.95mBIO c128258d128258 04104070aLbLd2015-07-02eCen Lib/Retg750.00l0o333.95 BIOpA-897966r2015-07-02 00:00:00t1v750.00w2016-09-15yENzW/d list no. 6820/22